000 00681nam a2200265Ia 4500
005 20250425161823.0
008 250425s9999 xx 000 0 und d
020 _a9978045708
041 _aspa
043 _aec
082 _a336.3435
100 _aCENTRO DE DERECHOS, ECONOMICOS SOCIALES
245 0 _aUN CONTINENTE CONTRA LA DEUDA:PERSPECTIVAS Y ENFOQUES PARA LA ACCION
250 _a1A ED.
260 _aEcuador
_bABYA -YALA
_c1999
260 _aQUITO
300 _a383
500 _aVARIOS AUTORES
650 _aAMERICA LATINA-POLITICA EXTERNA
650 _aDESARROLLO
650 _aDEUDA EXTERNA
710 _aABYA-YALA
942 _c01
010 _a31008
999 _c216771
_d216771